000 01196nam a2200265Ia 4500
003 OSt
005 20221013132231.0
008 191128s1995 ck er 000 p spa d
020 _a9586552233
040 _aCO-JMCR
_cCO-JMCR
041 _aspa
082 0 4 _aP /
_bGREu
100 1 _aGreiff, León de,
_eautor
_9439
245 1 0 _aUna antología para todos :
_b50 poemas /
_cLeón de Greiff
250 _aPrimera edición
260 _aMedellín :
_bUniversidad de Antioquia,
_c1995
300 _a148 páginas ;
_c22 cm.
490 0 _aMemoria de ciudad. Literatura
500 _aIncluye datos biográficos del autor en solapa.
505 0 _aTergiversación : porque me ven la barba y el pelo y la alta pipa -- filosofamos : como en estos a de seguir- al decir de las gentes- aquesta es la pipa -- aquesta es la ipa de todo el maiz -- villa de la candelaria : vano el motivo
520 3 _aUna antología para todos está destinada pricipalmente a la juventud, como un aprimera aproximación a la obra del poeta antioqueño León de Greiff, y contiene una muestra.
650 1 4 _aPoesía colombiana
_99184
_ySiglo XX
650 2 4 _aLiteratura colombiana
_ySiglo XX
_940443
942 _2ddc
_cBK
999 _c3390
_d3390